000 00781nam a2200205 i 4500
001 160115
003 ES-MaACL
005 20230906211935.0
008 981002s1885 cu |||| | spa d
040 _aCCPB | B
_bspa
_cCCPB | B
100 1 _aMora, Federico.
_9130128
245 1 0 _aDel cheque /
_cpor Federico Mora ; con un prólogo de Pedro González Llorente y una carta de Fernando Illas.
260 _aHabana :
_b[s.n.],
_c1885 (
_fImprenta del Gobierno y Capitanía General)
300 _aXIII, 183, III p., [6] h. de lám. ;
_c25 cm.
650 4 _aCheques.
_9135761
700 1 1 _aIllas, Fernando.
_9128163
700 1 _aGonzález Llorente, Pedro.
_9127418
852 _aES-MaACL
_jC-3615
_z-- Rust.
852 _aES-MaACL
_jT-504-F-3
_z.- Dedicatoria manuscrita del autor
999 _c160115
_d160115